| 000 | 00466nam a22001697a 4500 | ||
|---|---|---|---|
| 003 | NUST | ||
| 005 | 20260225140312.0 | ||
| 020 | _a9789697341825 | ||
| 082 |
_a514 _b MUH |
||
| 100 |
_aMuhammad ,Noor _916031 |
||
| 245 |
_aTopology: _bfor beginners / _cNoor Muhammad |
||
| 250 | _a1st Ed. | ||
| 260 |
_aKarachi, Pakistan; _bOxford University Press, _c2022 |
||
| 300 |
_a194p. ; _bPaperback, |
||
| 700 |
_aAsghar Qadir & Imran Parvez Khan _9132650 |
||
| 942 |
_2ddc _cBKB |
||
| 999 |
_c615740 _d615740 |
||